000 00518nam a2200193Ia 4500
003 IN-BaIIA
008 211028s9999 xx 000 0 eng d
040 _cIIA Library
080 _a521.1
_bAIR-1
100 _aAiry, George Biddell
_91336
245 0 _aMathematical tracts on physical astronomy
_cGeorge Biddell Airy
260 _aCambridge
_bJ. Smith
_c1826
300 _aviii, 180p.
650 _aArchives
650 _aAstrometry
650 _aCelestial mechanics
650 _aEarth nutation
_91492
942 _cBK
999 _c698
_d698